[Event "Oberliga Ost-A 2122"]
[Site "Germany"]
[Date "2021.10.10"]
[Round "1.7"]
[White "Schoen, Florian"]
[Black "Weder, Axel"]
[Result "0-1"]
[WhiteElo "1643"]
[BlackElo "2040"]
[PlyCount "86"]
[EventDate "2021.10.10"]
[EventType "team-tourn"]
[EventRounds "11"]
[EventCountry "GER"]
[SourceTitle "EXT 2023"]
[Source "ChessBase"]
[SourceDate "2022.10.05"]
[SourceVersion "1"]
[SourceVersionDate "2022.10.05"]
[SourceQuality "1"]
[WhiteTeam "Leipzig VfB"]
[BlackTeam "Dessau"]
[WhiteTeamCountry "GER"]
[BlackTeamCountry "GER"]

1. e4 c5 2. Nc3 Nc6 3. f4 g6 4. Nf3 Bg7 5. Bb5 Nd4 6. a4 e6 7. 0-0 Ne7 8. Nxd4 cxd4 9. Nb1 0-0 10. Be2 d6 11. d3 Bd7 12. c4 f5 13. Qe1 Bc6 14. Bf3 Qd7 15. b3 Rae8 16. Ba3 e5 17. fxe5 dxe5 18. Nd2 Rf7 19. b4 b6 20. b5 Bb7 21. Nb3 fxe4 22. Bxe4 Rxf1+ 23. Qxf1 Nf5 24. Qf3 Bxe4 25. Qxe4 Ne3 26. Rc1 Qf7 27. Nd2 Bf8 28. Bxf8 Rxf8 29. Nf3 Re8 30. c5 Qa2 31. Nxd4 bxc5 32. Qc6 Re7 33. b6 axb6 34. Nb5 e4 35. Qc8+ Kg7 36. Qh3 exd3 37. Nd6 d2 38. Ne8+ Kh8 39. Rf1 Nxf1 40. Qc3+ Kg8 41. Nf6+ Kf7 42. Ng4 d1Q 43. Nh6+ Ke8 0-1

[Event "Sachsen-Anhalt Landesliga B 18/19"]
[Site "Sachsen Anhalt"]
[Date "2019.03.24"]
[Round "8.5"]
[White "Weise, Beatrix"]
[Black "Weder, Axel"]
[Result "1/2-1/2"]
[WhiteElo "1729"]
[BlackElo "2040"]
[PlyCount "46"]
[EventDate "2018.09.23"]
[EventType "team-tourn"]
[EventRounds "9"]
[EventCountry "GER"]
[SourceTitle "EXT 2022"]
[Source "ChessBase"]
[SourceDate "2021.10.06"]
[SourceVersion "1"]
[SourceVersionDate "2021.10.06"]
[SourceQuality "1"]
[WhiteTeam "Bad Schmiedeberg II"]
[BlackTeam "Dessau II"]
[WhiteTeamCountry "GER"]
[BlackTeamCountry "GER"]

1. d4 g6 2. Nf3 Bg7 3. c4 d6 4. Nc3 Nd7 5. e4 c5 6. d5 a6 7. Bd2 Ngf6 8. Be2 Rb8 9. Qc2 h5 10. h3 0-0 11. 0-0 Nh7 12. Rae1 Ne5 13. Nh2 b5 14. cxb5 c4 15. f4 Qb6+ 16. Kh1 Nd3 17. Bxd3 cxd3 18. Qxd3 axb5 19. a3 b4 20. axb4 Qxb4 21. Nd1 Qb6 22. Qc2 Ba6 23. Rf3 Bxb2 1/2-1/2

[Event "Oberliga Ost-A 1718"]
[Site "Germany"]
[Date "2017.12.10"]
[Round "4.8"]
[White "Weder, Axel"]
[Black "Richter, Philipp1111"]
[Result "0-1"]
[WhiteElo "2061"]
[BlackElo "1795"]
[PlyCount "110"]
[EventDate "2017.10.22"]
[EventType "team-tourn"]
[EventRounds "11"]
[EventCountry "GER"]
[SourceTitle "EXT 2019"]
[Source "ChessBase"]
[SourceDate "2018.10.10"]
[SourceVersion "1"]
[SourceVersionDate "2018.10.10"]
[SourceQuality "1"]
[WhiteTeam "Dessau"]
[BlackTeam "Dresden USV TU II"]
[WhiteTeamCountry "GER"]
[BlackTeamCountry "GER"]

1. c4 c5 2. Nc3 Nc6 3. g3 g6 4. Bg2 Bg7 5. d3 e6 6. e4 Nge7 7. Nge2 0-0 8. Bg5 f6 9. Be3 d6 10. Qd2 f5 11. Bh6 Bxh6 12. Qxh6 fxe4 13. Nxe4 Nf5 14. Qd2 Ncd4 15. N4c3 Bd7 16. Bxb7 d5 17. 0-0-0 Rb8 18. Ba6 Qa5 19. Bb5 Bxb5 20. cxb5 a6 21. g4 Nf3 22. Qf4 N5d4 23. Qd6 Nxe2+ 24. Nxe2 Rb6 25. Qc7 Qxb5 26. b3 Rc6 27. Qe7 c4 28. dxc4 dxc4 29. Rd7 Qg5+ 30. Qxg5 cxb3+ 31. Kb2 Nxg5 32. f4 Rc2+ 33. Kxb3 Rxe2 34. fxg5 Rf3+ 35. Kb4 Rxa2 36. Rc1 Rb2+ 37. Ka4 Rf7 38. Rc8+ Kg7 39. Rdd8 Rfb7 40. Rg8+ Kf7 41. Rgf8+ Ke7 42. Rfe8+ Kd6 43. Red8+ Ke5 44. Rc5+ Kf4 45. Ka3 Kxg4 46. Rd4+ Kh3 47. Re5 Rg2 48. Ra4 Kxh2 49. Rxa6 Rg3+ 50. Ka2 Rg4 51. Ka3 Rf7 52. Raxe6 Rf3+ 53. Kb2 Rg2+ 54. Re2 Rfg3 55. Re7 Rxe2+ 0-1

[Event "Oberliga Ost-A 1516"]
[Site "Germany"]
[Date "2015.10.11"]
[Round "3.6"]
[White "Pfretzschner, Roland"]
[Black "Weder, Axel"]
[Result "1-0"]
[WhiteElo "2229"]
[BlackElo "1952"]
[PlyCount "101"]
[EventDate "2015.09.20"]
[EventType "team-tourn"]
[EventRounds "11"]
[EventCountry "GER"]
[SourceTitle "EXT 2017"]
[Source "ChessBase"]
[SourceDate "2016.10.25"]
[SourceVersion "1"]
[SourceVersionDate "2016.10.25"]
[SourceQuality "1"]
[WhiteTeam "Plauen Koenig"]
[BlackTeam "Dessau"]
[WhiteTeamCountry "GER"]
[BlackTeamCountry "GER"]

1. e4 c5 2. Nf3 e6 3. d4 cxd4 4. Nxd4 a6 5. Nc3 Qc7 6. g3 Nf6 7. Bg2 Be7 8. 0-0 Nc6 9. Re1 d6 10. Nxc6 bxc6 11. Na4 0-0 12. c4 e5 13. b3 Be6 14. Bb2 Rad8 15. Qe2 c5 16. Nc3 Qb6 17. f4 Rfe8 18. fxe5 dxe5 19. Nd5 Qb8 20. Bf3 Nd7 21. Rad1 Bd6 22. Bc3 Rc8 23. Rd3 Rc6 24. Red1 Nf8 25. Qd2 Bxd5 26. cxd5 Rb6 27. Ba5 Rb7 28. Rc3 Nd7 29. Rc2 Nf6 30. Qd3 Qa7 31. Kg2 Ra8 32. Rdc1 h5 33. Bd2 a5 34. Rc4 g6 35. Qe3 Nd7 36. Qf2 Nb6 37. R4c2 a4 38. Be3 axb3 39. axb3 Nd7 40. Rf1 f6 41. g4 hxg4 42. Bxg4 Rxb3 43. Be6+ Kg7 44. Bxd7 Qxd7 45. Qxf6+ Kh7 46. Qh4+ Kg8 47. Rf6 Qh7 48. Qg5 Be7 49. Rxg6+ Kf7 50. Rf2+ Ke8 51. Rg8+ 1-0

[Event "Oberliga Ost-A 1213"]
[Site "Germany"]
[Date "2013.02.02"]
[Round "6.5"]
[White "Weder, Axel"]
[Black "Hansch, Karsten"]
[Result "0-1"]
[WhiteElo "1975"]
[BlackElo "2019"]
[PlyCount "74"]
[EventDate "2012.10.14"]
[EventType "team-tourn"]
[EventRounds "11"]
[EventCountry "GER"]
[SourceTitle "EXT 2014"]
[Source "ChessBase"]
[SourceDate "2013.11.20"]
[SourceVersion "1"]
[SourceVersionDate "2013.11.20"]
[SourceQuality "1"]
[WhiteTeam "Dessau"]
[BlackTeam "Magdeburg Aufbau Elbe"]
[WhiteTeamCountry "GER"]
[BlackTeamCountry "GER"]

1. c4 Nf6 2. Nc3 g6 3. g3 Bg7 4. Bg2 0-0 5. d3 c5 6. e4 d6 7. Nge2 Nc6 8. 0-0 Rb8 9. Rb1 Ne8 10. Be3 Nc7 11. d4 cxd4 12. Nxd4 a6 13. Qd2 Ne5 14. b3 Ng4 15. Rbd1 Nxe3 16. Qxe3 Bg4 17. f3 Bd7 18. f4 b5 19. c5 Bxd4 20. Qxd4 Ne6 21. Qd5 Nxc5 22. f5 Qb6 23. Kh1 b4 24. Ne2 Bc6 25. Qd4 Qb7 26. Rf4 e5 27. fxe6 Nxe6 28. Qf6 Nxf4 29. Nxf4 h6 30. Rxd6 Bxe4 31. Nd5 Rbe8 32. Bxe4 Rxe4 33. Qf3 Re1+ 34. Kg2 Qb5 35. Nf6+ Kg7 36. Rd2 Re6 37. Ng4 Rfe8 0-1